La Semana Santa Malagueña en su iconografía desaparecida: 500 años de plsatica cofradiera
| Main Author: | |
|---|---|
| Format: | Print Book |
| Language: | Spanish |
| Subito Delivery Service: | Order now. |
| Check availability: | HBZ Gateway |
| Interlibrary Loan: | Interlibrary Loan for the Fachinformationsdienste (Specialized Information Services in Germany) |
| Published: |
Málaga
Ed. Arguval
19XX-
|
| In: | Year: 1987 |
| Volumes / Articles: | Show volumes/articles. |
| Series/Journal: | Semana Santa en Málaga
... Colección Grandes temas |
| Further subjects: | B
Monasticism
B Brotherhood |
MARC
| LEADER | 00000cam a2200000 ca4500 | ||
|---|---|---|---|
| 001 | 1092599290 | ||
| 003 | DE-627 | ||
| 005 | 20220430122833.0 | ||
| 007 | tu | ||
| 008 | 901217n19uuuuuuxx ||||| 00| ||spa c | ||
| 035 | |a (DE-627)1092599290 | ||
| 035 | |a (DE-576)022599290 | ||
| 035 | |a (DE-599)BSZ022599290 | ||
| 040 | |a DE-627 |b ger |c DE-627 |e rakwb | ||
| 041 | |a spa | ||
| 084 | |a 1 |2 ssgn | ||
| 100 | 1 | |0 (DE-627)1237269016 |0 (DE-576)167269011 |4 aut |a Clavijo García, Agustín | |
| 109 | |a Clavijo García, Agustín |a Clavijo-García, Agustín |a García, Agustín C. | ||
| 190 | |j 1987 | ||
| 245 | 1 | 3 | |a La Semana Santa Malagueña en su iconografía desaparecida |b 500 años de plsatica cofradiera |c Agustín Clavijo García |
| 264 | 1 | |a Málaga |b Ed. Arguval |c 19XX- | |
| 336 | |a Text |b txt |2 rdacontent | ||
| 337 | |a ohne Hilfsmittel zu benutzen |b n |2 rdamedia | ||
| 338 | |a Band |b nc |2 rdacarrier | ||
| 490 | 0 | |a Semana Santa en Málaga |v ... | |
| 490 | 0 | |a Colección Grandes temas | |
| 650 | 0 | 7 | |0 (DE-588)4074927-7 |0 (DE-627)106087940 |0 (DE-576)209195762 |a Mönchtum |2 gnd |
| 650 | 0 | 7 | |0 (DE-588)4130300-3 |0 (DE-627)104819561 |0 (DE-576)209617810 |a Bruderschaft |2 gnd |
| 935 | |a mteo | ||
| 951 | |a MC | ||
| ELC | |b 1 | ||
| ITA | |a 1 |t 1 | ||
| LOK | |0 000 xxxxxcx a22 zn 4500 | ||
| LOK | |0 001 2156146500 | ||
| LOK | |0 003 DE-627 | ||
| LOK | |0 004 1092599290 | ||
| LOK | |0 005 20100408135042 | ||
| LOK | |0 008 901217||||||||||||||||ger||||||| | ||
| LOK | |0 040 |a DE-21 |c DE-627 |d DE-21 | ||
| LOK | |0 852 |a DE-21 | ||
| LOK | |0 852 1 |9 00 | ||
| LOK | |0 935 |a theo |a sepp | ||
| LOK | |0 936ln |a t4.7 | ||
| LOK | |0 939 |a 17-12-90 |b l01 | ||
| ORI | |a SA-MARC-ixtheoa001.raw | ||
| SPR | |a 1 |t IXT | ||
| STA | 0 | 0 | |a Brotherhood,Lay Brotherhood,Confraternity,Protestant monasticism and religious orders,Monasticism,Monasticism |
| STB | 0 | 0 | |a Confrérie,Monachisme,Monachisme,Ordres monastiques et religieux |
| STC | 0 | 0 | |a Hermandad,Monaquismo,Monaquismo |
| STD | 0 | 0 | |a Confraternita,Monachesimo,Monachesimo |
| STE | 0 | 0 | |a 修行制度,修行制度,修道院生活,修道院制度,修道院生活,修道院制度,兄弟会 |
| STF | 0 | 0 | |a 修行制度,修行制度,修道院生活,修道院制度,修道院生活,修道院制度,兄弟會 |
| STG | 0 | 0 | |a Fraternidade,Monaquismo,Monaquismo |
| STH | 0 | 0 | |a Братство,Монашество (мотив),Монашество |
| STI | 0 | 0 | |a Αδελφότητα,Μοναχισμός (μοτίβο),Μοναχισμός |
| SYE | 0 | 0 | |a Mönchstum , Confraternitas,Laienbruderschaft,Bruderschaften,Confraternità |